Riconosci il Pokémon - Quiz n°729 - Statistics

Statistiche generali
  • Questo quiz è stato fatto 1 volte
  • Il punteggio medio è 10 su 10
Statistiche sulle risposte
Indizio Riposta % Corretto
Altezza 1,8 m
100%
Peso 3,3 kg
100%
Tasso di cattura 45 (11.9%)
100%
Sesso 50% ♂, 50% ♀
100%
Tipo Drago
100%
Pokémon Dratini
100%
Stadio evoluzione Forma Base
100%
Tasso di allevamento Lento
100%
Abilità Muta; Pelledura
100%
Generazione Prima
100%
Nessun quiz corrispondente trovato
Distribuzione punteggi
Percentuale di utenti per punteggio
Percentile per numero di risposta
I tuoi punteggi nel tempo
Non hai fatto questo quiz